000 00733 a2200181 4500
003 Nust
005 20170207153552.0
040 _cNust
082 _a621.382
100 _aAbidi, Maj Syed Muhammad Ali (MSEE-15)
245 _aIndexing and retrieval of text images in digitized urdu printed documents using word spotting technique
_cMaj Syed Muhammad Ali Abidi,
260 _bMCS,NUST
_cMarch 2011
_aRawalpindi
300 _axiv, 95 ,p;
505 _aIntroduction (page-1) Urdu languagechallengs (page-9) Existing work (page-17) Document image indexing (page-38) Information retrieval (page-50) Experimental evaluation (Page-63) Conclusions (page-83)
538 _aAlmirah No 69 Shelf No 2
650 _aPG Thesis
651 _aMSEE-15
942 _cTHS
999 _c188912
_d188912